01650cam a22003855a 450000100090000000300090000900500170001800800410003502000180007604000550009408200210014924500980017024600350026824600230030326400440032630000490037033600260041933700280044533800270047349000470050050000640054750400520061165000660066365000560072965100100078565300270079565300370082265500240085970000290088370000390091294200120095199900170096395201420098095201420112217272095EG-ScBUE20220407100613.0120425s2012 enka f bf 001 0 eng d a9780415622639 aDLCbengerdacDLCdDLCdDLCdEG-ScBUE dEG-ScBUE 04a410.188bROU22204aThe Routledge handbook of corpus linguistics /cedited by Anne O'Keeffe and Michael McCarthy.30aHandbook of corpus linguistics30aCorpus linguistics 1aLondon ;aNew York :bRoutledge,c2012. axxviii, 682 pages :billustrations ;c24 cm. 2rdacontentatextbtxt 2rdamediaaunmediatedbn 2rdacarrieravolumebnc0 aRoutledge handbooks in applied linguistics aOriginally published : London ; New York : Routledge, 2010. aIncludes bibliographical references and index.  7aCorpora (Linguistics)vHandbooks, manuals, etc.2BUEsh940992 7aDiscourse analysisvHandbooks, manuals, etc.2BUEsh 2BUEsh cJuly2015cFebruary2016 bHHUUEENNcJuly2015cFebruary2016 vReading book9342321 aO'Keeffe, Anne,eeditor.1 aMcCarthy, Michael,d1947-eeditor. 2ddccBB c20331d20303 00102ddc40708BaccahaMAINbMAINc2NDd2015-07-09ePurchaseg360.00h21782l0o410.188 ROUp000039261r2025-07-15 00:00:00v450.00yBB 00102ddc40708BaccahaMAINbMAINc2NDd2016-09-05ePurchaseg484.00h26103l0o410.188 ROUp000033537r2025-07-15 00:00:00v605.00yBB